00479 2200181 4500001002100000008004100021035002000062245003500082100001800117110001900135260004100154300001200195020002200207084001400229082000800243650002700251990001900278INLIS000000000001162 ind  a0010-0724001162 aBudidaya AnggurcYusuf Maulana aYusuf Maulana aMaulana, Yusuf aJakartabSinar Cemerlang Abadic2010 a60 hlm. a978-979-1106-19-1 a634 YUS b a634 aPerkebunan Buah-buahan aP29/CP/24/1162